Basic Facts On Civil Engineering (Record no. 532195)

000 -LEADER
fixed length control field 00372nam a22001577a 4500
003 - CONTROL NUMBER IDENTIFIER
control field NUST
005 - DATE AND TIME OF LATEST TRANSACTION
control field 20191112122355.0
020 ## - INTERNATIONAL STANDARD BOOK NUMBER
International Standard Book Number 8170419433
024 ## - OTHER STANDARD IDENTIFIER
Standard number or code 9788170419433
038 ## - RECORD CONTENT LICENSOR
Staff Name MSOHAIL
082 ## - DEWEY DECIMAL CLASSIFICATION NUMBER
Classification number 0
100 ## - MAIN ENTRY--PERSONAL NAME
Personal name U.B. Chopra
9 (RLIN) 25546
245 ## - TITLE STATEMENT
Title Basic Facts On Civil Engineering
260 ## - PUBLICATION, DISTRIBUTION, ETC.
Place of publication, distribution, etc. India
Name of publisher, distributor, etc. Anmol Publications Pvt. Limited
Date of publication, distribution, etc. p;334
942 ## - ADDED ENTRY ELEMENTS (KOHA)
Source of classification or shelving scheme
Koha item type Book
Holdings
Withdrawn status Lost status Source of classification or shelving scheme Damaged status Not for loan Permanent Location Current Location Date acquired Total Checkouts Barcode Date last seen Date last checked out Price effective from Koha item type
          School of Civil and Environmental Engineering (SCEE) School of Civil and Environmental Engineering (SCEE) 11/12/2019 1 NIT-12108 09/22/2021 10/16/2020 11/12/2019 Book
© 2023 Central Library, National University of Sciences and Technology. All Rights Reserved.